Média a společnost

Salvato in:
Dettagli Bibliografici
Autore principale: Jirák, Jan
Altri autori: Köpplová, Barbara
Natura: Libro
Lingua:ceco
Pubblicazione: Praha Portál 2003
Soggetti:
Tags: Aggiungi Tag
Nessun Tag, puoi essere il primo ad aggiungerne!!

MARC

LEADER 00000nam$a2200000$$$4500
001 0040956
005 20240306141527.9
020 |a 80-7178-697-7 
041 0 |a cze 
044 |a CZ 
245 1 0 |a Média a společnost  |c Jan Jirák, Barbara Köpplová 
264 1 |a Praha  |b Portál  |c 2003 
300 |a 207 s. 
610 2 0 |a médiá 
610 2 0 |a spoločnosť 
610 2 0 |a komunikácia 
610 2 0 |a produkcia 
610 2 0 |a spotrebitelia 
100 1 |a Jirák, Jan 
700 1 |a Köpplová, Barbara